The right to information in India / (Record no. 91291)

MARC details
000 -LEADER
fixed length control field 00717nam a22002177a 4500
010 ## - LCCN (DPL NO)
LC control number ENG-112119
020 ## - INTERNATIONAL STANDARD BOOK NUMBER
International Standard Book Number 9780198089353
Terms of availability 225.00
020 ## - INTERNATIONAL STANDARD BOOK NUMBER
International Standard Book Number 019808935X
Terms of availability 225.00
035 ## - SYSTEM CONTROL NUMBER
System control number EN-95651
037 ## - SOURCE OF ACQUISITION
Source of stock number/acquisition DBAD/PUB
082 ## - DEWEY DECIMAL CLASSIFICATION NUMBER
Classification number 342.023
100 ## - MAIN ENTRY--PERSONAL NAME
Personal name Naib, Sudhir
245 ## - TITLE STATEMENT
Title The right to information in India /
Statement of responsibility, etc by Sudhir Naib
260 ## - PUBLICATION, DISTRIBUTION, ETC. (IMPRINT)
Place of publication, distribution, etc New Delhi
Name of publisher, distributor, etc Oxford University Press
Date of publication, distribution, etc 2013
270 ## - ADDRESS
Address YMCA Library Building, 1, Jai Singh Road,
City New Delhi
Postal code 110001
300 ## - PHYSICAL DESCRIPTION
Extent xvi,236p.
Dimensions 22cm(pbk)
490 ## - SERIES STATEMENT
Series statement Oxford India short introductions
500 ## - GENERAL NOTE
General note Includes bibliographical references and index
650 ## - SUBJECT ADDED ENTRY--TOPICAL TERM
Topical term or geographic name as entry element Freedom of information
Geographic subdivision India.
942 ## - ADDED ENTRY ELEMENTS (KOHA)
Source of classification or shelving scheme Dewey Decimal Classification
Item type English Books
Call number suffix NAI
Classification part 342.023
Holdings
Withdrawn status Lost status Not for loan Collection code Home library Current library Date acquired Source of acquisition Cost, normal purchase price Full call number Barcode Cost, replacement price Koha item type
    Not For Loan Non-fiction D.B.Act.Division D.B.Act.Division 06/02/2015 DBAD/PUB 225.00 342.023 NAI EN-95651 225.00 English Books

© Delhi Public Library
Hit Counter
free hit counter